000 00569cam a22001935i 4500
999 _c12391
_d12391
003 OSt
005 20240116110916.0
008 210412s2021 mau 000 0 eng
020 _a9783035621426
_q(paperback)
082 _a624.1771
_bWAT
100 1 _aWatts, Andrew,
_eauthor.
245 1 0 _aModern structural design :
_bconstructing complex forms /
_cAndrew Watts.
250 _a2.
263 _a1111
300 _apages cm
906 _a0
_bibc
_corignew
_d2
_eepcn
_f20
_gy-gencatlg
942 _2ddc